Homeostasis del medio interno. (Registro nro. 568)

Detalles MARC
000 -LEADER
fixed length control field 00844Nam#a2200253#a#4500
005 - FECHA ULTIMA MODIFICACION
control field 20231212085248.0
008 - CAMPO DE CONTROL (LIBRO)
fixed length control field 100806s1984||||ag d |||||||||||||spa d
020 ## - INTERNATIONAL STANDARD BOOK NUMBER
ISBN 9500201674
041 ## - CODIGO DE IDIOMA
Código de idioma del texto/pista de sonido o título separado spa
082 ## - DEWEY DECIMAL CLASSIFICATION NUMBER
Classification number 612
Edition number 2a ed. revisada y aumentada
092 ## - SIGNATURA TOPOGRAFICA DEWEY LOCAL
número de clasificación 612
libristica 49
sección LOV
100 1# - ENTRADA PRINCIPAL--NOMBRE PERSONAL
Nombre personal Lovesio, Carlos.
9 (RLIN) 421
245 ## - TITULO PROPIAMENTE DICHO
Título Homeostasis del medio interno.
Subtítulo y Título paralelo En clínica y cirugía /
Mención de responsabilidad y remanente de la transcripción de la portada Carlos Lovesio
250 ## - MENCION DE EDICION
Mención de edición 2a ed. revisada y aumentada.
260 ## - PIE DE IMPRENTA
Lugar de publicación, distribución, etc Buenos Aires:
Nombre de la editorial, distribuidor, etc El Ateneo;
Fecha de publicación 1984.
300 ## - DESCRIPCION FISICA
Extension 353 p.
500 ## - NOTA GENERAL
Nota general Lovesio, C. (1983). Homeostasis del medio interno. En clínica y cirugía. (2a ed.). Buenos Aires : El Ateneo.
653 ## - TÉRMINO INDIZADO - PALABRAS CLAVES
Palabra clave Fisiología
653 ## - TÉRMINO INDIZADO - PALABRAS CLAVES
Palabra clave Homeostasis
700 ## - ENTRADAS SECUNDARIAS - NOMBRE PERSONAL
Nombre personal Caeiro, Manuel ,
Función Colaborador
9 (RLIN) 1662
700 ## - ENTRADAS SECUNDARIAS - NOMBRE PERSONAL
Nombre personal Miroli, Alejandro B,
Función Colaborador
9 (RLIN) 1663
930 ## - NUMERO DE INVENTARIO
Número de inventario 1108
942 ## - ADDED ENTRY ELEMENTS (KOHA)
Source of classification or shelving scheme Dewey Decimal Classification
Item type Libros
Existencias
Estado de retiro Existencia Fuente de clasificación Estado general No para prestamo Ubicación permanente ubicación actual Sala de ubicación Fecha de adquisición Total Checkouts Total Renewals Número de clasificación Código de barras Checked out Date last seen Date last borrowed Número de ejemplar Price effective from Koha tipo de elemento (item) Public note
    Dewey Decimal Classification     Biblioteca Medicina Biblioteca Medicina Referencia 06/09/2012 1 10 612 49 LOV 264 01/03/2029 06/11/2014 06/09/2012 ej.1 06/09/2012 Libros LIBRO DE CATEDRA

UNIVERSIDAD NACIONAL DEL COMAHUE
Biblioteca de la Facultad de Ciencias Médicas
Sede Toschi: Los Arrayanes y Av. Toschi, Cipolletti  - Rio Negro
Sede Los Tordos:  Yrigoyen al 2211, Cipolletti - Rio Negro 

Teléfono: 0299 - 4774707 int 25
Contacto: biblioteca@facimed.uncoma.edu.ar
© 2011 - 2026